Phương pháp dạy học văn
.Những vấn đề chung về môn văn. Phương pháp dạy học bộ môn văn ở trường phổ thông trung học, tác phẩm văn chương trong nhà trường. Hoạt động ngoại khoá văn học, về người giáo viên văn học. Tổng kết giáo trình
Na minha lista:
| Outros Autores: | , , |
|---|---|
| Formato: | Livro |
| Idioma: | Vietnamese |
| Publicado em: |
H.
Đại học Quốc gia Hà Nội
2008
|
| Edição: | In lần thứ hai |
| Assuntos: | |
| Tags: |
Adicionar Tag
Sem tags, seja o primeiro a adicionar uma tag!
|
| Thư viện lưu trữ: | Mạng thư viện Đại học Đà Nẵng |
|---|
| LEADER | 01488nam a2200385 4500 | ||
|---|---|---|---|
| 001 | 000004634 | ||
| 003 | 774 | ||
| 005 | 20120524140532.0 | ||
| 008 | 110802s2008 viesd | ||
| 020 | |c 33500 | ||
| 041 | 0 | |a vie | |
| 082 | |a 807 |b PHU | ||
| 245 | 0 | |a Phương pháp dạy học văn |c Phan Trọng Luận | |
| 250 | |a In lần thứ hai | ||
| 260 | |a H. |b Đại học Quốc gia Hà Nội |c 2008 | ||
| 300 | |a 415 tr. |c 21 cm | ||
| 520 | |a .Những vấn đề chung về môn văn. Phương pháp dạy học bộ môn văn ở trường phổ thông trung học, tác phẩm văn chương trong nhà trường. Hoạt động ngoại khoá văn học, về người giáo viên văn học. Tổng kết giáo trình | ||
| 653 | |a Văn học Việt Nam | ||
| 653 | |a Phương pháp dạy văn | ||
| 653 | |a Phương pháp học văn | ||
| 653 | |a Phan Trọng Luận | ||
| 700 | |a Trương Dĩnh | ||
| 700 | |a Nguyễn Thanh Hùng | ||
| 700 | |a Trần Thế Phiệt | ||
| 910 | |a Tăng Thị Thu Sương |d 02/8/2011 | ||
| OWN | |a LSP | ||
| AVA | |a UDN50 |b LSP |d 807 PHU |e check_holdings |t Error 5003 Not defined in file expand_doc_bib_avail. |h N |k 1 | ||
| 999 | |a From the UDN01 | ||
| AVA | |a UDN50 |b LSP |d 807 PHU |e available |t Error 5001 Not defined in file expand_doc_bib_avail. |f 72 |g 11 |h N |i 133 |k 1 | ||
| TYP | |a Monograph | ||
| TYP | |a Printed language | ||
| 980 | |a Mạng thư viện Đại học Đà Nẵng | ||